[Event "37th Reykjavik op"]
[Site "Reykjavik ISL"]
[Date "2024.03.17"]
[Round "4.152"]
[White "Spagnoli, Benjamin"]
[Black "Gilsdottir, Sara"]
[WhiteElo "1883"]
[BlackElo "1667"]
[Result "1-0"]
[EventDate "2024.03.15"]
[PlyCount "109"]

1. d4 d5 2. Nc3 Nf6 3. Bf4 e6 4. e3 Bb4 5. Bd3 c5 6. dxc5 Nbd7 7. Nge2 a6 8. a3
Bxc5 9. Bg5 h6 10. Bh4 b5 11. b4 Ba7 12. Bg3 Bb7 13. Nd4 Rc8 14. Nb1 O-O 15.
O-O Re8 16. Nd2 Nb6 17. N4b3 Nfd7 18. e4 dxe4 19. Nxe4 Bxe4 20. Bxe4 Nd5 21.
Bxd5 exd5 22. Qxd5 Nb8 23. Qf5 Re2 24. Rad1 Qe8 25. Nd2 Qe6 26. Qd3 Nc6 27. c4
Rd8 28. Qc3 Bd4 29. Qc1 Qf6 30. cxb5 axb5 31. Nf3 Bb2 32. Rxd8+ Nxd8 33. Qd1
Re8 34. Qd7 Re4 35. Rd1 Ne6 36. Qe8+ Kh7 37. Qxb5 Bxa3 38. Qd3 Qf5 39. Qxa3 Qb5
(39... Qh5 40. Rd6 Re2 41. Qd3+) 40. Bd6 Qe2 41. Qd3 Qxd3 42. Rxd3 Rc4 43. Kf1
Rc1+ 44. Ke2 Rb1 45. Nd2 Rb2 46. Ke3 g5 47. Rb3 Rc2 48. b5 Nd8 49. b6 Nb7 50.
Bc7 Kg6 51. Ne4 Rc6 52. Nd6 Nxd6 53. Bxd6 Rxd6 54. b7 Re6+ 55. Kd4 1-0

[Event "37th Reykjavik op"]
[Site "Reykjavik ISL"]
[Date "2024.03.17"]
[Round "4.158"]
[White "Imam-Sadeque, Ali"]
[Black "Fjeldsted, Andres"]
[WhiteElo "1652"]
[BlackElo "1795"]
[Result "1-0"]
[EventDate "2024.03.15"]
[PlyCount "52"]

1. d4 (1. e4) 1... d5 2. Nc3 Nf6 3. Bf4 c6 4. e3 e6 5. Bd3 Bd6 6. Nge2 Qe7 7.
O-O Nbd7 8. e4 dxe4 9. Nxe4 Bxf4 10. Nxf4 Nxe4 11. Bxe4 Nf6 12. Qf3 Nxe4 13.
Qxe4 O-O 14. Nd3 Rd8 15. f4 Qd6 16. c3 Qd5 17. Qe2 b6 18. Ne5 f6 19. Nf3 Qd6
20. Qe4 Qd5 21. Rfe1 Qxe4 22. Rxe4 g6 23. Rae1 Kf7 24. h3 Rd6 25. g4 Ba6 26. b3
Re8 1-0

[Event "37th Reykjavik op"]
[Site "Reykjavik ISL"]
[Date "2024.03.17"]
[Round "4.163"]
[White "Brade, Henry"]
[Black "Beyerle, Gregor"]
[WhiteElo "1771"]
[BlackElo "1610"]
[Result "1-0"]
[EventDate "2024.03.15"]
[PlyCount "50"]

1. d4 (1. Nf3) 1... Nf6 2. Nc3 d5 3. Bf4 c5 4. e4 e6 5. e5 cxd4 6. Qxd4 Nc6 7.
Bb5 Nd7 8. Qa4 Bc5 9. Bxc6 bxc6 10. b4 Bd4 11. Nge2 Qb6 12. O-O Bxe5 13. Rad1
Ba6 14. Rfe1 Bxe2 15. Nxe2 Bxf4 16. Nxf4 O-O 17. c4 Qc7 18. cxd5 Nb6 19. d6
Qxd6 20. Rxd6 Nxa4 21. Rxc6 Rfc8 22. Rec1 Rxc6 23. Rxc6 Nb6 24. g3 Rd8 25. a4
e5 1-0

[Event "37th Reykjavik op"]
[Site "Reykjavik ISL"]
[Date "2024.03.17"]
[Round "4.173"]
[White "Gramb, Marius"]
[Black "Andrieu, Justin"]
[WhiteElo "2142"]
[BlackElo "1720"]
[Result "1-0"]
[EventDate "2024.03.15"]
[PlyCount "33"]

1. e4 c6 2. Nc3 d5 3. Nf3 Bg4 4. h3 Bh5 5. exd5 cxd5 6. g4 Bg6 7. Ne5 Nc6 8. d4
e6 9. Bb5 Nge7 10. h4 h6 11. Qf3 f6 12. Nxg6 Nxg6 13. h5 Nge7 14. Qe3 Qd7 15.
Na4 a6 16. Nb6 Qd8 17. Bxc6+ 1-0

[Event "37th Reykjavik op"]
[Site "Reykjavik ISL"]
[Date "2024.03.18"]
[Round "5.47"]
[White "Halldorsson, Bragi"]
[Black "Salimova, Nurgyul"]
[WhiteElo "2056"]
[BlackElo "2426"]
[Result "1/2-1/2"]
[EventDate "2024.03.15"]
[PlyCount "33"]

1. d4 (1. e4) 1... Nf6 2. c4 g6 3. Nc3 d5 4. e3 Bg7 5. Nf3 O-O 6. b4 c6 7. a4
Bg4 8. Qb3 a5 9. b5 c5 10. dxc5 Nfd7 11. Ba3 Bxf3 12. gxf3 d4 13. exd4 Bxd4 14.
O-O-O Bxc5 15. Bb2 e5 16. f4 Qh4 17. Nd5 1/2-1/2

[Event "37th Reykjavik op"]
[Site "Reykjavik ISL"]
[Date "2024.03.18"]
[Round "5.77"]
[White "Ostensson, Julia"]
[Black "Klimkowski, Jan"]
[WhiteElo "1996"]
[BlackElo "2532"]
[Result "0-1"]
[EventDate "2024.03.15"]
[PlyCount "53"]

1. e4 c5 2. Nf3 d6 3. Bb5+ Nd7 4. c3 Ngf6 5. Qe2 a6 6. Ba4 e6 7. O-O Be7 8. d4
b5 9. Bc2 Bb7 10. Re1 Qc7 11. a4 bxa4 12. Rxa4 O-O 13. Bd3 a5 14. Nbd2 Rfc8 15.
Ra1 a4 16. e5 Nd5 17. Nc4 cxd4 18. exd6 Bxd6 19. Nxd6 Qxd6 20. Qe4 N5f6 21.
Qxd4 Qc6 22. Bf1 e5 23. Qb4 Qc7 24. Rxa4 Bxf3 25. gxf3 Rab8 26. Qh4 Qd6 27. Bg2
0-1

[Event "37th Reykjavik op"]
[Site "Reykjavik ISL"]
[Date "2024.03.18"]
[Round "5.86"]
[White "Markuszewski, Maksymilian"]
[Black "Schmidt, Florian Pascal"]
[WhiteElo "2141"]
[BlackElo "1947"]
[Result "1/2-1/2"]
[EventDate "2024.03.15"]
[PlyCount "47"]

1. d4 Nf6 2. c4 e6 3. Nf3 d5 4. Nc3 Be7 5. Bf4 O-O 6. e3 b6 7. Bd3 dxc4 8. Bxc4
Bb7 9. O-O Nbd7 10. Qe2 Ne4 11. Nxe4 Bxe4 12. Rfd1 Bd6 13. Bxd6 cxd6 14. Ba6 (
14. Bb5 Nb8 15. Nd2 Nd7) 14... Nb8 15. Nd2 Nxa6 16. Nxe4 Nc7 17. Rac1 d5 18.
Nd2 Qd7 19. Rc2 Rfc8 20. Rdc1 Ne8 21. Qa6 Rxc2 22. Rxc2 Nd6 23. f3 Rc8 24. Qd3
1/2-1/2

[Event "37th Reykjavik op"]
[Site "Reykjavik ISL"]
[Date "2024.03.18"]
[Round "5.89"]
[White "Stanford, Sheila Barth"]
[Black "Haugen, Lars Tormod"]
[WhiteElo "2123"]
[BlackElo "1945"]
[Result "1-0"]
[EventDate "2024.03.15"]
[PlyCount "121"]

1. e4 c5 2. Nf3 g6 3. c3 Bg7 4. Bc4 e6 5. O-O d5 6. exd5 exd5 7. Bb5+ Bd7 8.
Qe2+ Ne7 9. Bxd7+ Qxd7 10. Re1 Nbc6 11. h4 O-O 12. Qb5 c4 13. d4 cxd3 14. Qxd3
Rfe8 15. Bg5 h6 16. Bxe7 Rxe7 17. Rxe7 Qxe7 18. Na3 d4 19. cxd4 Qb4 20. Qc3 Rd8
21. Nc2 Qa4 22. b4 a5 23. a3 axb4 24. axb4 Qb5 25. Rd1 Qd5 26. Qd3 Ne5 27. Nxe5
Bxe5 28. g3 Bf6 29. Qe3 Kg7 30. Qf4 Qb3 31. Qd2 Qd5 32. Qd3 Rd7 33. Qc3 g5 34.
Ne3 Qe4 35. hxg5 hxg5 36. Qc8 Rd8 37. Qc2 Qxc2 38. Nxc2 Kg6 39. Kf1 Kf5 40. Ke2
Ke4 41. f3+ Kd5 42. Kd3 b5 43. Ra1 Ke6 44. Ra5 Rb8 45. Ra6+ Ke7 46. Ne3 Bg7 47.
Nf5+ Kf8 48. g4 Kg8 49. Ra7 Bf8 50. Ne7+ Bxe7 51. Rxe7 Kf8 52. Rc7 Kg7 53. d5
Kf6 54. Kd4 Ra8 55. Rb7 Ra1 56. Rb6+ Ke7 57. Rxb5 f6 58. Rb7+ Kd6 59. Rb6+ Ke7
60. Re6+ Kf7 61. Re3 1-0

[Event "37th Reykjavik op"]
[Site "Reykjavik ISL"]
[Date "2024.03.18"]
[Round "5.101"]
[White "Skjoldebrand, Martin"]
[Black "Davidsen, Rokur"]
[WhiteElo "1884"]
[BlackElo "1682"]
[Result "1/2-1/2"]
[EventDate "2024.03.15"]
[PlyCount "91"]

1. d4 (1. e4) 1... f5 (1... Nf6) 2. e4 fxe4 3. Nc3 Nf6 4. Bg5 g6 5. h4 d5 6. f3
Qd6 7. Qd2 exf3 8. gxf3 Nc6 9. O-O-O Bf5 10. Bh3 Bxh3 11. Nxh3 Nh5 12. Nf4 Ng3
13. Rh3 Nf5 14. Nfxd5 Qd7 15. Qh2 O-O-O 16. Bf4 e6 17. Nf6 Qf7 18. Nfe4 Ncxd4
19. Be5 Bg7 20. Rd3 Bxe5 21. Qxe5 Nc6 22. Qb5 Rxd3 23. Nc5 Rd1+ 24. Nxd1 Nd6
25. Qb3 Re8 26. Qe3 Qf5 27. Rh1 Nc4 28. Qf2 Qf4+ 29. Kb1 Nb4 30. Nb3 Nd5 31.
Re1 Nd6 32. Qxa7 Qxh4 33. Nc5 Nb6 34. Qa5 Qd4 35. Nb3 Qd5 36. Qc3 e5 37. Nf2
Kb8 38. Nd2 Qd4 39. Qe3 Qxe3 40. Rxe3 Ndc4 41. Nxc4 Nxc4 42. Rc3 Nd6 43. Kc1
Kc8 44. Re3 Kd7 45. Ng4 Re6 46. Nxe5+ 1/2-1/2

[Event "37th Reykjavik op"]
[Site "Reykjavik ISL"]
[Date "2024.03.18"]
[Round "5.104"]
[White "Bjarnason, Snorri Vikanes"]
[Black "Imam-Sadeque, Ali"]
[WhiteElo "1875"]
[BlackElo "1652"]
[Result "1-0"]
[EventDate "2024.03.15"]
[PlyCount "73"]

1. c4 c6 2. e4 d5 3. cxd5 cxd5 4. exd5 Nf6 5. Nc3 Nxd5 6. Bc4 Nb4 7. Bxf7+ Kxf7
8. Qb3+ e6 9. Nf3 N8c6 10. O-O Nd3 11. Ne4 Be7 12. Qd1 e5 13. Ne1 Rf8 14. Qb3+
Be6 15. Qxd3 Qb6 16. Nf3 h6 17. b3 Bf5 18. Qc4+ Be6 19. Qe2 Kg8 20. Bb2 Bg4 21.
Qc4+ Kh7 22. Neg5+ Bxg5 23. Nxg5+ hxg5 24. Qxg4 Rad8 25. Qxg5 Qa5 26. Bc3 Qc5
27. Rae1 Rd5 28. Re3 Nd4 29. Qg4 Rf4 30. Qh5+ Kg8 31. b4 Qb5 32. a4 Qc4 33.
Bxd4 Qxd4 34. Qe8+ Rf8 35. Qe6+ Rf7 36. Rf3 Rdd7 37. Qe8+ 1-0

[Event "37th Reykjavik op"]
[Site "Reykjavik ISL"]
[Date "2024.03.18"]
[Round "5.115"]
[White "Erlbeck, Peter"]
[Black "Vega, Isaac"]
[WhiteElo "2014"]
[BlackElo "1818"]
[Result "1/2-1/2"]
[EventDate "2024.03.15"]
[PlyCount "76"]

1. e4 c5 2. Nc3 e6 3. f4 d5 4. Nf3 Nc6 5. Bb5 Nge7 6. Qe2 d4 7. Nd1 a6 8. Bxc6+
Nxc6 9. d3 Be7 10. O-O O-O 11. Nf2 b5 12. g4 f5 13. Bd2 Qe8 14. Kh1 Qf7 15. Rg1
Bb7 16. Rg3 Rae8 17. Rag1 fxe4 18. Nxe4 e5 19. f5 Qxa2 20. Bg5 c4 21. Bxe7 cxd3
22. cxd3 Rxe7 23. Rc1 Nb4 24. Nd6 Bxf3+ 25. Rxf3 Nd5 26. g5 Nf4 27. Rxf4 Qd5+
28. Qe4 Qxd6 29. Rh4 Rd7 30. Rc6 Qd5 31. Qxd5+ Rxd5 32. f6 Rfd8 33. Rxa6 R5d6
34. Ra7 R8d7 35. Ra8+ Rd8 36. Ra7 R8d7 37. Ra8+ Rd8 38. Ra7 R8d7 1/2-1/2

[Event "37th Reykjavik op"]
[Site "Reykjavik ISL"]
[Date "2024.03.18"]
[Round "5.122"]
[White "Ragnarsson, Johann"]
[Black "Jelsma, Remco"]
[WhiteElo "1948"]
[BlackElo "1802"]
[Result "0-1"]
[EventDate "2024.03.15"]
[PlyCount "60"]

1. d4 Nf6 2. c4 e6 3. Nc3 Bb4 4. a3 Bxc3+ 5. bxc3 b6 6. f3 Ba6 7. e4 Nc6 8. Bd3
Na5 9. Qe2 c5 10. d5 d6 11. Bg5 h6 12. Bh4 g5 13. Bf2 Qd7 14. Nh3 Qa4 15. e5
Nd7 16. dxe6 fxe6 17. exd6 Bxc4 18. Qe4 O-O-O 19. O-O Qb5 20. Rfb1 Qa6 21. Qa8+
Nb8 22. Bxc4 Nxc4 23. Qe4 Rxd6 24. Bg3 e5 25. Bxe5 Re6 26. Qf5 Rhe8 27. Re1 Nd7
28. Bg3 Rxe1+ 29. Rxe1 Rxe1+ 30. Bxe1 Ne3 0-1

[Event "37th Reykjavik op"]
[Site "Reykjavik ISL"]
[Date "2024.03.18"]
[Round "5.125"]
[White "Koletzko, Leon"]
[Black "Javet, Blaise"]
[WhiteElo "1777"]
[BlackElo "1942"]
[Result "0-1"]
[EventDate "2024.03.15"]
[PlyCount "52"]

1. e4 (1. f4) 1... c5 2. Nf3 d6 3. Bc4 a6 4. c3 e6 5. Qe2 b5 6. Bb3 Bb7 7. d4
Nf6 8. e5 dxe5 9. dxe5 Nd5 10. Qe4 c4 11. Bc2 Nb4 12. Qe2 Nxc2+ 13. Qxc2 Nd7
14. Bf4 Nc5 15. O-O Nd3 16. Bg3 Bxf3 17. gxf3 h5 18. h3 h4 19. Bh2 Bc5 20. Nd2
Qg5+ 21. Kh1 Qf5 22. Qd1 Qxh3 23. Ne4 Be7 24. Qe2 Nf4 25. Nf6+ gxf6 26. Qe4
Qg2# 0-1

[Event "37th Reykjavik op"]
[Site "Reykjavik ISL"]
[Date "2024.03.18"]
[Round "5.130"]
[White "Hill, Andy"]
[Black "Tan, Chong Hien Andrew"]
[WhiteElo "1926"]
[BlackElo "1762"]
[Result "1/2-1/2"]
[EventDate "2024.03.15"]
[PlyCount "88"]

1. Nf3 Nf6 (1... e6) 2. c4 c5 3. Nc3 Nc6 4. e3 e6 5. d4 d5 6. cxd5 Nxd5 7. Bd3
Be7 8. a3 cxd4 9. exd4 O-O 10. O-O Bf6 11. Re1 Nce7 12. Ne4 b6 13. Nxf6+ Nxf6
14. Bg5 Ned5 15. Qd2 Bb7 16. Rad1 Qd6 17. Ne5 Rac8 18. Qe2 h6 19. Bd2 Rc7 20.
Bb1 Rfc8 21. Qd3 Ne7 22. Qh3 Qd5 23. Ng4 Nxg4 24. Qxg4 Nf5 25. Bf4 Rd7 26. Be5
g6 27. f3 Qb3 28. Bxf5 exf5 29. Qh4 Kh7 30. Bf4 g5 31. Bxg5 Rc6 32. Bc1 Rg6 33.
Qf4 Bxf3 34. Rd2 Be4 35. Re3 Qd5 36. Rg3 Rdd6 37. Qe5 Rc6 38. Rd1 Qxe5 39. dxe5
Rxg3 40. hxg3 Rc2 41. Bf4 Rxg2+ 42. Kf1 Rxb2 43. Rd7 Kg6 44. Rxa7 Bd5 1/2-1/2

[Event "37th Reykjavik op"]
[Site "Reykjavik ISL"]
[Date "2024.03.18"]
[Round "5.141"]
[White "Perchard, Matthew"]
[Black "Glasschroeder, Maximilian"]
[WhiteElo "1724"]
[BlackElo "1833"]
[Result "0-1"]
[EventDate "2024.03.15"]
[PlyCount "109"]

1. e4 c6 2. d4 d5 3. e5 Bf5 4. Bd3 Bxd3 5. Qxd3 Qa5+ 6. Nd2 e6 7. Ngf3 Qa6 8.
c4 c5 9. O-O Nc6 10. a3 cxd4 11. b3 Bb4 12. Bb2 Bxd2 13. Qxd2 dxc4 14. bxc4
Qxc4 15. Rac1 Qd5 16. Rc2 Nge7 17. Rfc1 O-O 18. Rc5 Qe4 19. Re1 Qf5 20. Bxd4
Rad8 21. Qb2 b6 22. Rc2 Nxd4 23. Nxd4 Rxd4 24. Rc7 Nd5 25. Qxd4 Nxc7 26. Qd7
Qc2 27. Rd1 h6 28. h3 Nd5 29. Rf1 Qc7 30. Qa4 Qxe5 31. Qc6 Rd8 32. Rd1 Qd6 33.
Qa4 Qc7 34. Qd4 Rc8 35. Qg4 Qc4 36. Rd4 Qc1+ 37. Kh2 Rc2 38. Rd1 Qf4+ 39. Qxf4
Nxf4 40. Kg3 Nd5 41. Kf3 Rc3+ 42. Ke4 Rxa3 43. h4 Nc3+ 44. Kd4 Nxd1 45. g4 b5
46. f4 b4 47. f5 b3 48. g5 b2 49. fxe6 fxe6 50. gxh6 gxh6 51. h5 b1=Q 52. Ke5
Ra5+ 53. Kd6 Ra6+ 54. Ke7 Qb7+ 55. Kf6 0-1

[Event "37th Reykjavik op"]
[Site "Reykjavik ISL"]
[Date "2024.03.18"]
[Round "6.1"]
[White "Seemann, Jakub"]
[Black "Moussard, Jules"]
[WhiteElo "2451"]
[BlackElo "2621"]
[Result "1/2-1/2"]
[EventDate "2024.03.15"]
[PlyCount "110"]

1. e4 { [%eval 0.13] [%clk 1:30:57] } 1... c5 { [%eval 0.33] [%clk 1:28:44] } 2. Nf3 { [%eval 0.22] [%clk 1:31:08] } 2... d6 { [%eval 0.0] [%clk 1:28:41] } 3. Bb5+ { [%eval 0.12] [%clk 1:31:30] } 3... Nd7 { [%eval 0.24] [%clk 1:27:05] } 4. O-O { [%eval 0.0] [%clk 1:31:07] } 4... a6 { [%eval 0.09] [%clk 1:26:52] } 5. Bd3 { [%eval 0.0] [%clk 1:30:54] } 5... e6 { [%eval 0.27] [%clk 1:26:59] } 6. c3 { [%eval 0.33] [%clk 1:26:18] } 6... Ngf6 { [%eval 0.48] [%clk 1:27:06] } 7. Re1 { [%eval 0.02] [%clk 1:25:00] } 7... Be7 { [%eval 0.31] [%clk 1:26:22] } 8. Bc2 { [%eval 0.18] [%clk 1:23:58] } 8... b5 { [%eval 0.19] [%clk 1:26:25] } 9. d4 { [%eval 0.25] [%clk 1:24:09] } 9... Bb7 { [%eval 0.27] [%clk 1:26:29] } 10. Nbd2 { [%eval 0.17] [%clk 1:23:49] } 10... cxd4 { [%eval 0.23] [%clk 1:25:22] } 11. cxd4 { [%eval 0.24] [%clk 1:23:39] } 11... Rc8 { [%eval 0.58] [%clk 1:25:18] } 12. Nf1 { [%eval 0.6] [%clk 1:22:58] } 12... O-O { [%eval 0.68] [%clk 1:24:20] } 13. Ng3 { [%eval 0.55] [%clk 1:20:56] } 13... Re8 { [%eval 0.58] [%clk 1:20:26] } 14. a4 { [%eval 0.31] [%clk 1:17:13] } 14... Bc6 { [%eval 0.43] [%clk 1:12:37] } 15. axb5 { [%eval 0.36] [%clk 1:05:25] } 15... axb5 { [%eval 0.37] [%clk 1:12:11] } 16. Bd2 { [%eval 0.42] [%clk 1:02:29] } 16... Qb6 { [%eval 0.44] [%clk 1:10:05] } 17. Bb4 { [%eval 0.38] [%clk 0:54:47] } 17... Bf8 { [%eval 0.39] [%clk 1:06:55] } 18. Qd2 { [%eval 0.43] [%clk 0:48:55] } 18... Qb7 { [%eval 0.54] [%clk 1:00:22] } 19. Re2 { [%eval 0.51] [%clk 0:39:30] } 19... h6 { [%eval 0.51] [%clk 0:53:28] } 20. Qe1 { [%eval 0.51] [%clk 0:38:08] } 20... Nb8 { [%eval 0.44] [%clk 0:51:10] } 21. Bd3 { [%eval 0.3] [%clk 0:35:32] } 21... Nfd7 { [%eval 0.78] [%clk 0:41:05] } 22. Rc2 { [%eval 0.85] [%clk 0:30:57] } 22... Na6 { [%eval 0.91] [%clk 0:40:08] } 23. Bd2 { [%eval 0.75] [%clk 0:30:47] } 23... Ndb8 { [%eval 1.13] [%clk 0:34:39] } 24. b3 { [%eval 1.14] [%clk 0:27:35] } 24... Bd7 { [%eval 1.58] [%clk 0:33:41] } 25. Rca2 { [%eval 1.57] [%clk 0:27:51] } 25... Qb6 { [%eval 2.07] [%clk 0:27:45] } 26. Ba5 { [%eval 1.67] [%clk 0:26:49] } 26... Qb7 { [%eval 1.55] [%clk 0:28:12] } 27. Bd2 { [%eval 1.62] [%clk 0:27:14] } 27... Qb6 { [%eval 1.93] [%clk 0:28:39] } 28. b4 { [%eval 2.03] [%clk 0:22:43] } 28... Nc7 { [%eval 1.8] [%clk 0:23:41] } 29. Qb1? { [%eval 0.57] } { Mistake. Nh5 was best. } { [%clk 0:21:00] } (29. Nh5) 29... Nc6 { [%eval 0.56] [%clk 0:23:35] } 30. Qb2 { [%eval 0.56] [%clk 0:20:53] } 30... g6?! { [%eval 1.6] } { Inaccuracy. Ra8 was best. } { [%clk 0:20:25] } (30... Ra8) 31. Ne2?! { [%eval 0.53] } { Inaccuracy. Be3 was best. } { [%clk 0:20:34] } (31. Be3 d5 32. Ne5 Red8 33. Nxc6 Bxc6 34. e5 Ra8 35. Ra5 h5 36. Qc1 Rdc8 37. Nxh5 gxh5) 31... Bg7 { [%eval 0.96] [%clk 0:19:23] } 32. Be3 { [%eval 0.94] [%clk 0:19:18] } 32... Qb7 { [%eval 1.0] [%clk 0:16:43] } 33. Qd2 { [%eval 0.91] [%clk 0:19:30] } 33... h5 { [%eval 1.04] [%clk 0:17:10] } 34. Bf4 { [%eval 0.64] [%clk 0:16:24] } 34... e5 { [%eval 0.61] [%clk 0:16:59] } 35. Bh6 { [%eval 0.42] [%clk 0:16:50] } 35... exd4 { [%eval 0.53] [%clk 0:12:57] } 36. Bxg7 { [%eval 0.64] [%clk 0:17:06] } 36... Kxg7 { [%eval 0.55] [%clk 0:13:26] } 37. Nexd4 { [%eval 0.48] [%clk 0:15:53] } 37... Ne5 { [%eval 0.96] [%clk 0:13:05] } (37... Nxd4 { [%clk 0:11:43] } 38. Nxd4 { [%clk 0:08:48] } 38... d5 { [%clk 0:11:43] } 39. Ra7 { [%clk 0:08:48] }) 38. Nxe5 { [%eval 0.78] [%clk 0:12:05] } 38... dxe5 { [%eval 0.74] [%clk 0:11:43] } 39. Ra7 { [%eval 0.24] [%clk 0:08:48] } 39... Qb6 { [%eval 0.23] [%clk 0:12:03] } 40. Nb3 { [%eval 0.24] [%clk 0:09:07] } 40... Ra8 { [%eval 0.22] [%clk 0:07:45] } 41. R7a5 { [%eval 0.03] [%clk 0:00:55] } 41... Qd6 { [%eval 0.09] [%clk 0:04:25] } 42. h4 { [%eval 0.0] [%clk 0:23:09] } 42... Rxa5 { [%eval 0.07] [%clk 0:29:32] } 43. Rxa5 { [%eval 0.0] [%clk 0:22:49] } 43... Rb8 { [%eval -0.01] [%clk 0:24:27] } 44. Nc5 { [%eval 0.0] [%clk 0:17:14] } 44... Ne6 { [%eval 0.0] [%clk 0:24:38] } 45. Ra6 { [%eval 0.0] [%clk 0:15:55] } 45... Qc7 { [%eval 0.0] [%clk 0:24:32] } 46. Nxe6+ { [%eval 0.0] [%clk 0:06:35] } 46... Bxe6 { [%eval 0.0] [%clk 0:24:56] } 47. Qb2 { [%eval 0.0] [%clk 0:06:02] } 47... Rd8 { [%eval 0.0] [%clk 0:23:04] } 48. Bxb5 { [%eval 0.0] [%clk 0:04:43] } 48... Rd1+ { [%eval 0.0] [%clk 0:23:28] } 49. Kh2 { [%eval 0.0] [%clk 0:05:10] } 49... Rd4 { [%eval 0.0] [%clk 0:23:54] } 50. Bf1 { [%eval 0.0] [%clk 0:02:29] } 50... Qe7 { [%eval 0.0] [%clk 0:14:14] } 51. g3 { [%eval 0.0] [%clk 0:02:49] } 51... Qxb4 { [%eval 0.0] [%clk 0:14:32] } 52. Qxb4 { [%eval 0.0] [%clk 0:03:13] } 52... Rxb4 { [%eval 0.0] [%clk 0:15:00] } 53. Bg2 { [%clk 0:03:10] } 53... Rb2 { [%clk 0:15:28] } 54. Kg1 { [%clk 0:03:28] } 54... Rb1+ { [%clk 0:15:56] } 55. Kh2 { [%clk 0:03:54] } 55... Rb2 { [%clk 0:16:23] } 1/2-1/2